Ciele udržateľného rozvoja - cieľ 7 - Dostupná a čistá energia diplomová práca

Na minha lista:
Detalhes bibliográficos
Autor principal: Varbanoglo, Maxim
Autor Corporativo: Fakulta medzinárodných vzťahov EU. Katedra medzinárodných ekonomických vzťahov a hospodárskej diplomacie
Outros Autores: Lipková, Ľudmila
Formato: Livro
Idioma:russo
Publicado em: Bratislava 2021
Tags: Adicionar Tag
Sem tags, seja o primeiro a adicionar uma tag!

MARC

LEADER 00000nbm a2200000 4500
001 0275338
005 20220314133321.0
041 0 |a rus 
044 |a SK 
245 1 0 |a Ciele udržateľného rozvoja - cieľ 7 - Dostupná a čistá energia  |b diplomová práca  |c Maxim Varbanoglo ; školiteľ: Ľudmila Lipková 
264 1 |a Bratislava  |c 2021 
300 |a 63 s. 
100 1 |a Varbanoglo, Maxim 
700 1 |a Lipková, Ľudmila 
710 2 |a Fakulta medzinárodných vzťahov EU. Katedra medzinárodných ekonomických vzťahov a hospodárskej diplomacie